000 00545nam a2200181Ia 4500
008 090124s9999 xx 000 0 und d
082 _b29252
_a1819
100 _aभुर्के श्याम
245 _a खुमासदार अत्रे
250 _a1
260 _c1997
300 _a160
600 _aभुर्के श्याम
630 _a खुमासदार अत्रे
700 _aभुर्के श्याम
730 _a खुमासदार अत्रे
942 _cBOOK
999 _c142706
_d142706